| 000 | 01168cam a2200133 4500500 | ||
|---|---|---|---|
| 005 | 20260329064759.0 | ||
| 041 | _afre | ||
| 042 | _adc | ||
| 100 | 1 | 0 |
_aHoerner, Jean-Michel _eauthor |
| 245 | 0 | 0 | _aGéopolitique du tourisme |
| 260 |
_bArmand Colin,
_c2008. |
||
| 520 | _aCet ouvrage montre combien le tourisme, devenu un plaisir banal associé au temps libre des populations aisées, participe à la géopolitique du monde. Pour le meilleur, comme facteur de développement et de rencontre des cultures, pour le pire parfois. Du moins de vrais problèmes se posent-ils, que l’auteur traite avec une acuité inédite. Le problème de ce qu’il appelle le colonisme, autrement dit l’invasion socio-économique du Sud par les touristes du Nord, qui suscite des «représailles» (jusqu’au terrorisme) ; le poids démesuré du tourisme de masse, purement consumériste, et la consitution en ilôts des grandes stations touristiques, zones à part au sein des pays ; le caractère équivoque du tourisme équitable, etc. | ||
| 856 | 4 | 1 | _uhttps://shs.cairn.info/geopolitique-du-tourisme--9782200351038?lang=fr&redirect-ssocas=7080 |
| 999 |
_c2017190 _d2017190 |
||